Madhyam : kaal aani aaj (Record no. 240732)
[ view plain ]
| 000 -LEADER | |
|---|---|
| fixed length control field | 00735nam a22002057a 4500 |
| 005 - DATE AND TIME OF LATEST TRANSACTION | |
| control field | 20251220094102.0 |
| 008 - FIXED-LENGTH DATA ELEMENTS--GENERAL INFORMATION | |
| fixed length control field | 251219b |||||||| |||| 00| 0 eng d |
| 040 ## - CATALOGING SOURCE | |
| Transcribing agency | AL |
| 041 ## - LANGUAGE CODE | |
| Language code of text/sound track or separate title | Konkani/Devanagari |
| 082 ## - DEWEY DECIMAL CLASSIFICATION NUMBER | |
| Classification number | 891.464 |
| Item number | DCUM |
| 100 ## - MAIN ENTRY--PERSONAL NAME | |
| Personal name | Raymond Dcunha Takode |
| 100 ## - MAIN ENTRY--PERSONAL NAME | |
| Personal name | ರೇಮಂಡ್ ಡಿಕುನ್ಹಾ ತಾಕೊಡೆ |
| 100 ## - MAIN ENTRY--PERSONAL NAME | |
| 9 (RLIN) | 249626 |
| 100 ## - MAIN ENTRY--PERSONAL NAME | |
| 9 (RLIN) | 249627 |
| 245 ## - TITLE STATEMENT | |
| Title | Madhyam : kaal aani aaj |
| Remainder of title | : ಮಾಧ್ಯಮ್ ಕಾಲ್ ಆನಿ ಆಜ್ |
| 260 ## - PUBLICATION, DISTRIBUTION, ETC. | |
| Place of publication, distribution, etc. | Manglur |
| Name of publisher, distributor, etc. | Karnataka Konkani Sahitya Akademi |
| Date of publication, distribution, etc. | 2019 |
| 300 ## - PHYSICAL DESCRIPTION | |
| Extent | vi,38p |
| Other physical details | PB |
| Dimensions | 18x12cm |
| 365 ## - TRADE PRICE | |
| Source of price type code | Konkani |
| Price type code | 018 |
| Price amount | ₹21.00 |
| Currency code | ₹ |
| Unit of pricing | ₹21.00 |
| Price note | 0 |
| Price effective from | 04-12-2025 |
| 650 ## - SUBJECT ADDED ENTRY--TOPICAL TERM | |
| Topical term or geographic name entry element | Konkani Miscellaneous |
| 9 (RLIN) | 249521 |
| 650 ## - SUBJECT ADDED ENTRY--TOPICAL TERM | |
| Topical term or geographic name entry element | Taccode Takode |
| 9 (RLIN) | 249575 |
| 942 ## - ADDED ENTRY ELEMENTS (KOHA) | |
| Source of classification or shelving scheme | Dewey Decimal Classification |
| Koha item type | Book |
| Withdrawn status | Lost status | Source of classification or shelving scheme | Damaged status | Not for loan | Collection code | Home library | Current library | Shelving location | Date acquired | Source of acquisition | Cost, normal purchase price | Total Checkouts | Full call number | Barcode | Date last seen | Cost, replacement price | Price effective from | Koha item type |
|---|---|---|---|---|---|---|---|---|---|---|---|---|---|---|---|---|---|---|
| Dewey Decimal Classification | Konkani | St Aloysius Library | St Aloysius Library | Stack Section | 12/12/2025 | Raymond Dcunha, Bishops House, Mangaluru-575003 | 21.00 | 891.464 DCUM | 078004 | 12/19/2025 | 21.00 | 12/04/2025 | Book |